000 01207nam a2200265Ia 4500
003 Ost
005 20260416102353.0
008 260416s9999||||xx |||||||||||||| ||und||
040 _cfsecg
041 _aara
082 _a658
100 _aمسعودي، رشيدة
_eمؤلف
245 0 _aمدخل إلى إدارة الأعمال /
_c رشيدة مسعودي
260 _aالجزائر
_bجامعة الجزائر3: كلية العلوم الإقتصادية، العلوم التجارية وعلوم التسيير
_c2018
300 _a99 ورقة
_bايضاحات
_c30 سم
504 _aمراجع ص.99
520 _aمدخل لإدارة الأعمال، تطور الفكر الإداري، وظيفة التخطيط، وظيفة التنظيم، وظيفة التخطيط، وظيفة التوجيه، وظيفة الرقابة
653 _aادارة الأعمال
653 _aالتخطيط
653 _aالتنظيم
653 _aالتوجيه الاداري
653 _aالرقابة
710 _aجامعة الجزائر3: كلية العلوم الإقتصادية، العلوم التجارية وعلوم التسيير
_eناشر علمي
942 _cHANDOUT
999 _c41104
_d41104